Sanat - "Tahdon olla sulle hyvin hellä" - Armi ja Danny - Statistics

Yleistilastot
  • Tätä visaa on pelattu 183 kertaa
  • Keskiarvotulos 105 / 158
Vastaustilastot
Sanat % Oikein
hyvin
100%
olla
100%
sulle
100%
Tahdon
100%
hellä
99%
mulle
85%
kukka
84%
kämmenellä
83%
83%
81%
Niin
80%
niin
80%
kun
76%
Kun
76%
saan,
76%
oisi
75%
on
75%
Tahdot
75%
en
73%
sun
72%
vois
72%
Oisit
69%
uskomaton
69%
käsi
68%
tuottaa
67%
vartalosi
67%
sydämellä
65%
ikinä
64%
Jos
64%
koskea
64%
kuin
64%
oot
64%
sua
64%
vapisemaan
63%
suloinen
61%
Tuskaa
59%
käyn
58%
saa
58%
silloin
58%
kauttaaltaan
57%
Näin
57%
luottaa
53%
antaa
47%
väität
47%
voisi
47%
myöskin
43%
sanomaasi
43%
silti
42%
ihmisellä
41%
ihmisellä...
41%
ja
41%
onni
41%
voinko
41%
lähennellä
39%
voit
39%
Kaiken
38%
kaiken
38%
muutakin
38%
käsitellä
36%
Täysin
36%
käyt
32%
Muuten
30%
hän
28%
sydämesi
24%
sillon
22%
yksin
17%
kantaa
14%
sut
14%
tahtoisin
12%
sylissäni
11%
Kauas
8%
Ehtoja vastaavia visoja ei löytynyt
Tulosjakauma
Jokaisen tuloksen saaneiden osuus
Persentiili vastausten määrän mukaan
Tuloshistoriasi
Et ole pelannut tätä visaa